| 000 | 00935cam a2200301 a 4500 | ||
|---|---|---|---|
| 001 | 4925408 | ||
| 005 | 20240202055950.0 | ||
| 008 | 950605s1995 enk b 001 0 eng | ||
| 020 | _a0415088186 | ||
| 020 | _a0415088194 (pbk.) | ||
| 040 |
_aDLC _cDLC _dDLC |
||
| 082 | 0 | 0 |
_a306.7 _220 |
| 245 | 0 | 0 |
_aTaboo : _bsex, identity, and erotic subjectivity in anthropological fieldwork / _cedited by Don Kulick and Margaret Willson. |
| 260 |
_aLondon ; _aNew York : _bRoutledge, _c1995. |
||
| 300 | _axvi, 283 p. ; | ||
| 650 | 0 | _aEthnology | |
| 650 | 0 | _aWomen anthropologists | |
| 650 | 0 | _aGay anthropologists | |
| 650 | 0 | _aLesbian anthropologists | |
| 650 | 0 | _aSex role. | |
| 650 | 0 | _aGender identity. | |
| 650 | 0 | _aSexual ethics. | |
| 650 | 0 | _aAnthropological ethics. | |
| 700 | 1 |
_aKulick, Don. _eedt |
|
| 700 | 1 |
_aWillson, Margaret, _eedt |
|
| 856 | 4 | 2 | _uhttp://www.loc.gov/catdir/enhancements/fy0648/95024152-d.html |
| 942 | _cL | ||
| 999 |
_c285 _d285 |
||